000 00589nam a2200229Ia 4500
003 OSt
005 20220924152319.0
006 a|||||r|||| 00| 0
007 ta
008 220923b |||||||| |||| 00| 0 ara d
024 _a341933
037 _cTextual
040 _aARTS
_cARTS
_bara
041 _2ara
_aara
082 _aQ7xN03,13, 28L0
100 _aQutub Sayed Au.
245 0 _aKhasais al-tasawwur al-islami-o-maqoomah
260 _c1970
650 _aISLAM
_9577
942 _hQ7xN03,13, 28L0
_cTEXL
_2CC
999 _c469436
_d469436